چھوتی صنتوں میں سرمایہ کاری (Record no. 65235)
[ view plain ]
| 000 -LEADER | |
|---|---|
| fixed length control field | 00274nam a22001097a 4500 |
| 082 ## - DEWEY DECIMAL CLASSIFICATION NUMBER | |
| Classification number | 332.6722 Z I A |
| 100 ## - MAIN ENTRY--AUTHOR NAME | |
| Personal name | ضیاء اقبال شاھد |
| 245 ## - TITLE STATEMENT | |
| Title | چھوتی صنتوں میں سرمایہ کاری |
| 260 ## - PUBLICATION, DISTRIBUTION, ETC. (IMPRINT) | |
| Place of publication | راولپنڈی |
| 300 ## - PHYSICAL DESCRIPTION | |
| Number of Pages | ۳۱۲ |
| 942 ## - ADDED ENTRY ELEMENTS (KOHA) | |
| Koha item type | Books |
| Withdrawn status | Lost status | Collection code | Home library | Current library | Date acquired | Full call number | Accession Number | Koha item type |
|---|---|---|---|---|---|---|---|---|
| Reference | Reference Section | Reference Section | 09/07/2019 | 332.6722 Z I A (Shelf - 21F) | R15247 | Books |